MARC

LEADER 00000nas a2200000 a 4500
001 ssj0000393693
003 WaSeSS
005 20200512172242.0
006 m d
007 cr n
008 100209c19539999sp ax s 0 0spa c
010 |a  2013240119 
022 |a 1989-6166  |y 0580-6712 
035 |a (WaSeSS)ssj0000393693 
040 |a OCLCS  |b eng  |c OCLCS  |d OCLCS  |d OCLCQ  |d IXA  |d OCLCF  |d OCLCO  |d OCLCQ  |d AU@  |d WaSeSS 
041 0 |a spa  |b eng 
042 |a pcc 
043 |a e-sp---  |a cl----- 
245 0 0 |a Monteagudo  |h [electronic resource] :  |b revista de literatura española, hispanoamericana y teoría de la literatura. 
246 3 |a Monte agudo 
260 |a Murcia :  |b Universidad de Murcia, Servicio de Publicaciones 
310 |a Annual (irregular),  |b 1985- 
321 |a Quarterly (irregular),  |b <1969-> 
500 |a Some issues also have distinctive titles. 
506 |a License restrictions may limit access. 
515 |a Issues for 1985- called 2. época, no. 1- ; issues for 1996- called 3a. época, no. 1- 
546 |a In Spanish, some abstracts also in English. 
588 |a Description based on: No. 49 (año 1969); title from HTML header (Dialnet Web site, viewed Mar. 8, 2013). 
588 |a Latest issue consulted: 3a. época, no. 15 (2010) (viewed Mar. 8, 2013). 
650 0 |a Spanish literature  |v Periodicals. 
650 0 |a Spanish literature  |x History and criticism  |v Periodicals. 
650 0 |a Latin American literature  |v Periodicals. 
650 0 |a Latin American literature  |x History and criticism  |v Periodicals. 
650 0 |a Literature  |x Philosophy  |v Periodicals. 
650 0 |a Spanish philology  |v Periodicals. 
650 7 |a Latin American literature.  |2 fast  |0 (OCoLC)fst00993031 
650 7 |a Literature  |x Philosophy.  |2 fast  |0 (OCoLC)fst01000005 
650 7 |a Spanish literature.  |2 fast  |0 (OCoLC)fst01128568 
650 7 |a Spanish philology.  |2 fast  |0 (OCoLC)fst01128644 
655 0 |a Electronic journals. 
710 2 |a Universidad de Murcia. 
776 0 8 |i Print version:  |t Monteagudo  |x 0580-6712  |w (DLC)sf 90093382  |w (OCoLC)5317901 
856 4 0 |z Full text available from Research Library: 01/01/2010 to present  |u https://search.proquest.com/publication/2035777 
856 4 0 |z Full text available from PRISMA Database with HAPI Index: 01/01/2010 to 01/31/2016  |u https://search.proquest.com/publication/2040128